| 000 | 00818cab a2200217 4500 | ||
|---|---|---|---|
| 001 | WB3121-30 | ||
| 008 | 090401t1995 xxu||||| |||| 00| 0 eng d | ||
| 035 | _a(Sirsi) u18317 | ||
| 041 | _aeng | ||
| 245 | _aPossession | ||
| 260 | _c1995 | ||
| 350 | _a0 | ||
| 490 |
_aEstates Gazette Case Summaries _v1995 EGCS 84 (27/5/95) |
||
| 520 | _a"Hackney LBC v White" CA 11 May 1995. On appeal, application to set aside possession order allowed due to breach of Order 26 r5 requiring leave of warrant after expiration of six year period. | ||
| 650 | _aCOUNTY COURT RULES ORDER 26 R5 | ||
| 650 | _aPOSSESSION ORDER | ||
| 650 | _aPROPERTY-RESIDENTIAL PROPERTY-RESIDENTIAL LANDLORD AND TENANT-RESIDENTIAL TENANCIES | ||
| 690 | _aLANDLORD AND TENANT-CASE LAW-RESIDENTIAL TENANCIES | ||
| 942 | _n0 | ||
| 948 | _c04/03/1997 | ||
| 999 |
_c12162 _d12162 |
||